Právo pre manažerov, účtovníkov a audítorov súbor platných predpisov

Gespeichert in:
Bibliographische Detailangaben
Weitere Verfasser: Sabo, Mikuláš
Format: Buch
Sprache:Slowakisch
Veröffentlicht: Bratislava Slovenský zväz účtovníkov a audítorov 1993
Ausgabe:1. vyd.
Schriftenreihe:Ekonómia a právo
Schlagworte:
Tags: Tag hinzufügen
Keine Tags, Fügen Sie das erste Tag hinzu!

MARC

LEADER 00000nam a2200000 4500
001 c004641
005 20221214082711.7
020 |a 80-900453-4-0 
041 0 |a slo 
044 |a SK 
245 1 0 |a Právo pre manažerov, účtovníkov a audítorov  |b súbor platných predpisov  |c hl. zost. Mikuláš Sabo 
250 |a 1. vyd. 
264 1 |a Bratislava  |b Slovenský zväz účtovníkov a audítorov  |c 1993 
300 |a [1000] s. 
490 1 |a Ekonómia a právo 
830 0 |a Ekonómia a právo 
610 2 0 |a predpisy právne 
610 2 0 |a manažéri 
610 2 0 |a účtovníctvo 
610 2 0 |a audítori 
610 2 0 |a Slovensko 
610 2 0 |a právo hospodárske 
610 2 0 |a právo obchodné 
610 2 0 |a právo finančné 
700 1 |a Sabo, Mikuláš